01652cam a22004094i 4500003000900000005001700009008004100026035002000067040003300087100004100120245022700161264001000388300002200398336002100420337002500441338002300466502005900489504002400548520043800572526001001010526001001020526000901030526000901039526000901048526000901057526000901066526000901075526000901084526000801093526000801101526000801109526000801117526000801125650003301133650004401166700003201210PE-LiUPU20250731165412.0151026s1999 pe a grm 000 0 spa d a(Sirsi) a155064 aPE-LiUPUbspacPE-LiUPUerda1 aCerrón Vilchez, María Anaeautor1 aFactores de riesgo y el estado nutricional de los pacientes en hemodiálisis ambulatoria del Centro Metropolitano Lima-Perú hospitalizados durante los meses de agosto a diciembre de 1998 /cMaría Ana Cerrón Vilchez. 0c1999. a112 hojas c30 cm atext2rdacontent aunmediated2rdamedia avolume2rdacarrier aTesisb(Lic.) -- cUniversidad Peruana Unión,d1999. aIncluye referencias3 aEl presente trabajo de investigación se realizo en el Centro Metropolitano de Hemodiálisis Lima-Perú. El propósito de este trabajo fue determinar la relación de factores de Riesgo y el estado nutricional de los pacientes en Hemodiálisis hospitalizados durante los meses de Agosto a Diciembre de 1998. Fueron 53 pacientes en total los que recibieron tratamiento estando hospitalizados los mese de Agosto-Diciembre de 1998. aSEG44 aSEG26 aP151 aP150 aP149 aP146 aP145 aP126 aP125 aP92 aP75 aP74 aP27 aP1504aHemodializadosxNutrición.04aHemodiálisisxAspectos nutricionales.1 aRicra Yauli, Nilda Patricia